<?xml version="1.0" encoding="UTF-8"?><?xml-stylesheet type="text/xsl" href="static/style.xsl"?><OAI-PMH xmlns="http://www.openarchives.org/OAI/2.0/" xmlns:xsi="http://www.w3.org/2001/XMLSchema-instance" xsi:schemaLocation="http://www.openarchives.org/OAI/2.0/ http://www.openarchives.org/OAI/2.0/OAI-PMH.xsd"><responseDate>2026-04-19T09:22:52Z</responseDate><request verb="GetRecord" identifier="oai:www.recercat.cat:2445/185574" metadataPrefix="marc">https://recercat.cat/oai/request</request><GetRecord><record><header><identifier>oai:recercat.cat:2445/185574</identifier><datestamp>2025-12-05T05:29:24Z</datestamp><setSpec>com_2072_1057</setSpec><setSpec>col_2072_478857</setSpec><setSpec>col_2072_478901</setSpec><setSpec>col_2072_478917</setSpec></header><metadata><record xmlns="http://www.loc.gov/MARC21/slim" xmlns:dcterms="http://purl.org/dc/terms/" xmlns:xsi="http://www.w3.org/2001/XMLSchema-instance" xmlns:doc="http://www.lyncode.com/xoai" xsi:schemaLocation="http://www.loc.gov/MARC21/slim http://www.loc.gov/standards/marcxml/schema/MARC21slim.xsd">
   <leader>00925njm 22002777a 4500</leader>
   <datafield ind2=" " ind1=" " tag="042">
      <subfield code="a">dc</subfield>
   </datafield>
   <datafield ind2=" " ind1=" " tag="720">
      <subfield code="a">Ripoll, Gisela</subfield>
      <subfield code="e">author</subfield>
   </datafield>
   <datafield ind2=" " ind1=" " tag="260">
      <subfield code="c">2022-05-12T15:05:19Z</subfield>
   </datafield>
   <datafield ind2=" " ind1=" " tag="260">
      <subfield code="c">2022-05-12T15:05:19Z</subfield>
   </datafield>
   <datafield ind2=" " ind1=" " tag="260">
      <subfield code="c">2012</subfield>
   </datafield>
   <datafield ind2=" " ind1=" " tag="260">
      <subfield code="c">2022-05-12T15:05:19Z</subfield>
   </datafield>
   <datafield ind2=" " ind1=" " tag="520">
      <subfield code="a">Ciudades extintas, abandonadas, fallidas, perdidas, desiertas, desoladas, desmontadas, desmanteladas, deshabitadas, despobladas  ciudades convertidas en canteras, en ruinas, en espejo de un sublime pasado de grandeza. Las imágenes piranesianas marcaron la estética romántica configurando un paisaje cuasi mnemotécnico cargado de un poder evocador cuyo peso simbólico es inmanente a todos los viajeros, eruditos y arqueólogos de ese momento. Literatos de la talla de Diderot, Herder, Goethe, Volney, Chateaubriand  por citar solo a algunos, impregnaron de espiritualidad trágica las ruinas, porque efectivamente hay algo en esas ciudades altivas y majestuosas que alude al paso del tiempo, al olvido melancólico, a lo que fue y no ha sido</subfield>
   </datafield>
   <datafield tag="653" ind2=" " ind1=" ">
      <subfield code="a">Ressenyes (Documents)</subfield>
   </datafield>
   <datafield tag="653" ind2=" " ind1=" ">
      <subfield code="a">Reviews (Documents)</subfield>
   </datafield>
   <datafield tag="653" ind2=" " ind1=" ">
      <subfield code="a">Christie, Neil y Augenti, Andrea (eds.), Vrbes Extinctae. Archaeologies of Abandoned Classical Towns.</subfield>
   </datafield>
   <datafield ind2="0" ind1="0" tag="245">
      <subfield code="a">Vrbes Extinctae. Archaeologies of Abandoned Classical Towns, Ashgate Publishing Company</subfield>
   </datafield>
</record></metadata></record></GetRecord></OAI-PMH>